000 01124nam a22003497a 4500
001 000646
003 DO-SdBPM
005 20260309124558.0
007 ta
008 161104b2006 mx a ||||| |||| 00| 0 spa d
020 _a9789707704398
040 _aBPMSU
_bspa
_cBPMSU
082 0 4 _aA861.6
_bB736L 2010
_222
100 1 _aBornemann, Elsa Isabel,
_d1952-2013.
_4aut.
_eautor
245 1 0 _aEl libro de los chicos enamorados /
_cElsa Bornemann ; ilustraciones de Paula Socolovsky.
260 _c
_g
264 _aMéxico :
_bAlfaguara,
_c2010
300 _a130 páginas :
_bilustración ;
_c20 cm.
336 _atexto
_btxt
_2rdacontent
337 _asin mediación
_bn
_2rdamedia
338 _avolumen
_bnc
_2rdacarrier
490 0 _aAlfaguara infantil.
500 _a Para niños a partir de los 10 años.
500 _aIncluye datos de la autora
500 _a
590 _aInvetariado, 2026/VM
650 7 _a Poesía infantil argentina
650 7 _a Poesía amorosa
700 1 _aSocolovsky, Paula,
_eilustración
910 _aVMateo V. Control de calidad BPMSU
942 _2ddc
_cBK
999 _c11794
_d11794